Muzikus magazín pro muzikanty
| Predchádzajúci názov: | Muzikantský magazín MM: Muzikantský magazin mGuide |
|---|---|
| Médium: | Seriál |
| Jazyk: | čeština slovenčina |
| Fyzický popis: | zv. 29-30 cm |
| Vydavateľské údaje: |
Praha
Muzikus
1991-
|
| ISSN: | 1210-1443 1802-4610 |
| Predmet: |
MARC
| LEADER | 00000cas a2200000 a 4500 | ||
|---|---|---|---|
| 001 | vtls001321168 | ||
| 003 | SK-MaSNL | ||
| 005 | 20260228155657.0 | ||
| 008 | 980217c19919999xr mr 0 0 0cze c | ||
| 022 | |a 1210-1443 | ||
| 035 | |a SNK000273821 | ||
| 040 | |a SNK |b slo |c SNK |e AACR2 | ||
| 041 | 0 | |a cze |a slo | |
| 044 | |a xr |c CZ | ||
| 072 | 7 | |a 78 |x Hudba |2 konspekt | |
| 072 | 7 | |a 780.6 |x Hudobné nástroje a príslušenstvo |2 konspekt | |
| 080 | |a 78 |2 2011 | ||
| 080 | |a 780.6 |2 2011 | ||
| 080 | |a 050 |2 2011 | ||
| 080 | |a (051)-027.561 |2 2011 | ||
| 210 | 0 | |a Muzikus |b (Praha) | |
| 222 | 0 | |a Muzikus |b (Praha) | |
| 245 | 0 | 0 | |a Muzikus |b magazín pro muzikanty |
| 246 | 3 | |a MM | |
| 260 | |a Praha |b Muzikus |c 1991- | ||
| 300 | |a zv. |c 29-30 cm | ||
| 310 | |a 1x mesačne | ||
| 362 | 0 | |a Roč. 1, č. 1 (1991)- | |
| 500 | |a Podnázov: novinky - reportáže - rozhovory - testy - noty - workshopy - praxe | ||
| 650 | 0 | 7 | |a hudba |2 SNKPH |9 1063 |
| 650 | 0 | 7 | |a hudobné nástroje |2 SNKPH |9 3930 |
| 655 | 7 | |a odborné časopisy |2 SNKPH |9 70505 | |
| 780 | 0 | 0 | |t Muzikantský magazín |
| 780 | 0 | 0 | |t MM: Muzikantský magazin |
| 780 | 0 | 5 | |t mGuide |x 1802-4610 |
| 910 | |a snk | ||
| 999 | |c 164 |d 164 | ||
| 952 | |0 0 |1 1 |4 0 |7 0 |a SNK |b SNK |d 1998-02-17 |l 0 |o snkČB 5213/1/1991 |p 17A0123013 |r 2005-01-02 00:00:00 |t č. 1-8 |w 2026-02-21 |y PREZ | ||
| 952 | |0 0 |1 1 |4 0 |7 0 |a SNK |b SNK |d 1998-02-17 |l 0 |o snkČB 5213/2/1992 |p 17A0123012 |r 2005-01-02 00:00:00 |t č. 1-12 |w 2026-02-21 |y PREZ | ||


